| 000 | 00806nam a2200253Ia 4500 | ||
|---|---|---|---|
| 003 | OSt | ||
| 005 | 20220930065359.0 | ||
| 006 | a|||||r|||| 00| 0 | ||
| 007 | ta | ||
| 008 | 220926b |||||||| |||| 00| 0 eng d | ||
| 024 | _a5537 | ||
| 037 | _cTheses | ||
| 040 |
_aCRL _cCRL _beng |
||
| 041 |
_2eng _aeng |
||
| 082 | _aY31.2341.N7, L0 | ||
| 100 |
_aMontemayor J M _9525822 |
||
| 110 | _aUniversity of Delhi. Faculty of Social Sciences. Department of Sociology | ||
| 245 | 0 | _aSociological analysis of a Goan village community | |
| 260 |
_aDelhi _bUniversity of Delhi India _c1970 |
||
| 650 | _aSOCIOLOGY | ||
| 700 | _aUniversity of Delhi. Faculty of Social Sciences. Department of Sociology | ||
| 942 |
_hY31.2341.N7, L0 _cDIS _2CC |
||
| 999 |
_c859484 _d859484 |
||